00603nam a22001812 4500001001100000005001700011008004100028020001700069040001500086100003500101245009200136250001300228260005300241300001800294650005000312650005600362852000300418000001278220151217154415.0090319s xx 000 0 eng d a0131178121 : aKABUcKABU1 aObiakor, Festus E.@000016970010aMulticultural special education :bculturally responsive teaching /cFestus E. Obiakor. a1st ed. aUpper Saddle River, NJ. :bPrentice Hall,c2007. axxiv, 311 p. 0aSpecial educationzUnited States.@0000153730 0aMulticultural educationzUnited States.@00001697011